| 000 | 00322nam a22001337a 4500 | ||
|---|---|---|---|
| 005 | 20260218145019.0 | ||
| 020 | _a9789383101269 | ||
| 082 | _a577 SHU.H | ||
| 100 |
_aShukla, O.P. _910225 |
||
| 245 | _aHandbook of green science / | ||
| 260 |
_aNew Delhi: _bAgrotech Press, _cc2025. |
||
| 300 | _a272 p. | ||
| 942 |
_2ddc _cBK |
||
| 999 |
_c756340 _d756340 |
||